BLOCKS IN HOMOGENEOUS EFFECT ALGEBRAS AND MV-ALGEBRAS

Bibliographic Details
Main Author: Pulmannová, Sylvia (Author)
Format: Article
Language:English

MARC

LEADER 00000nab a2200000uu 4500
001 vtls011450752
003 SK-MaSNL
005 20260303151316.0
008 230222|2003 xo |||||||||||||||||eng|
015 |a SNBRB 
035 |a (urnnbn)urn:nbn:sk:snk:ar-006k15 
035 |a (uuid)bda3bfec-a359-481a-8332-e50414571975 
035 |a urn:nbn:sk:snk-abcmvb 
040 |a SNKBUCL  |b slo  |c SNKBUCL  |e AACR2 
041 0 |a eng 
044 |a xo  |c SK 
100 1 |a Pulmannová, Sylvia  |4 aut  |9 358481 
245 1 0 |a BLOCKS IN HOMOGENEOUS EFFECT ALGEBRAS AND MV-ALGEBRAS  |c Sylvia Pulmannová 
773 0 |t Mathematica Slovaca  |g Roč. 53, č. 5 (2003), s. 525-539 
958 |a OND 
958 |a EUIPO 
958 |a article16 
999 |c 2017049  |d 2018979